xử lý số liệu bằng thống kê toán học trên máy tính

সংরক্ষণ করুন:
গ্রন্থ-পঞ্জীর বিবরন
প্রধান লেখক: ĐÀO HỮU HỒ
বিন্যাস: গ্রন্থ
ভাষা:Undetermined
প্রকাশিত: ĐHQG Hà Nội 2002
ট্যাগগুলো: ট্যাগ যুক্ত করুন
কোনো ট্যাগ নেই, প্রথমজন হিসাবে ট্যাগ করুন!
Thư viện lưu trữ: Trung tâm Học liệu Trường Đại học Cần Thơ
LEADER 00496nam a2200145Ia 4500
001 CTU_48476
008 210402s9999 xx 000 0 und d
082 |a 519.50285 
082 |b H450 
100 |a ĐÀO HỮU HỒ 
245 0 |a xử lý số liệu bằng thống kê toán học trên máy tính 
245 0 |c ĐÀO HỮU HỒ, Nguyễn Thị Hồng Minh 
260 |b ĐHQG Hà Nội 
260 |c 2002 
980 |a Trung tâm Học liệu Trường Đại học Cần Thơ